00326nam a2200109Ia 4500008004100000041000800041082001200049100001800061245009100079260003700170300000900207230511s1966 xx 000 0 und d aeng a348.041 aChitaley S W  aAll India Reporter 1966 Supreme Court1 All India Reporter 1957 All India Reporter 1957 aNagpurbAll India Reporterc1966 a1200